00874nam a2200229Ia 4500001002200000003000900022008004100031040002300072041001300095100005100108240005600159245005000215250001000265260003200275300002300307490004000330500002500370501012400395520006900519700002300588700003300611937-ROS mi st (19471)IT-MiSPE171229s9999||||xx |||||||||||||| ||und|| aIT-MiSPEcIT-MiSPE aITALIANO aMichail Ivanovic Rostovcev (Michael Rostovzev) aThe Social and Economic History of the Roman Empire 0aStoria economica e sociale dell'impero romano arist. aFirenzebNuova Italiac1980 aXX, 723 p. c20 cm aStrumenti: Ristampe anastatichev33 aRoma - Storia antica aEdizioni San Paolo srl - Piazza Soncino, 5 - 20092 CINISELLO BALSAMO (MI) (non commercial uses only) ® Copyright 2018 aGaetano De Sanctis (pref.). Rist. anastatica dell'originale 1976 aGaetano De Sanctis aGiovanni Sannag(traduzione)